000 00283nam a22001217a 4500
082 _a823
_bCLA/R
100 _aCLASSIC BOOKS
245 _aRUMPELSTILTSKIN
260 _aDELHI
_bCLASSIC BOOKS INTERNATIONAL
_c2003
300 _a220
650 _aCHILDRENS ILLUSTRATED CLASSICS
942 _cBK
999 _c275
_d275